000 00822cam a2200169 4500
001 ABS60778
008 000000n1999 000 0 eng u
035 _a(Sirsi) u101274
245 _aMillennium Bug buildings check.
260 _c1999
490 _aPremises and Facilities Management
_vJune 1999 (12)
520 _aA supplement produced as a guide for building managers and managing agents which gives a checklist of building systems such as heating ventilation and air conditioning, and fire/gas detection and indicates how they could be affected by the Millennium Bug. Includes a section on contractual responsibilities and possible repercussions of the Bug.
650 _aMILLENNIUM BUG
650 _aFACILITIES MANAGEMENT
_96240
690 _aMANAGEMENT-BUSINESS MANAGEMENT-INFORMATION MANAGEMENT
942 _n0
999 _c60427
_d60427